| 000 | 00717cab a2200217 4500 | ||
|---|---|---|---|
| 001 | WB3441-40 | ||
| 008 | 090401t1998 xxu||||| |||| 00| 0 eng d | ||
| 035 | _a(Sirsi) u89366 | ||
| 041 | _aeng | ||
| 245 | _aConstruction industry tax scheme | ||
| 260 | _c1998 | ||
| 350 | _a0 | ||
| 490 |
_aInland Revenue Press Release _v23 October 1998 (5) |
||
| 520 | _aTwo extra statutory concessions are to be introduced in respect of the turnover tests under the new Construction Industry Scheme which is due to commence on 1 August 1999. Details. | ||
| 650 | _aCONSTRUCTION INDUSTRY SCHEME | ||
| 650 | _aCONSTRUCTION TURNOVER | ||
| 650 | _aTAX CONCESSIONS | ||
| 690 | _aTAXATION | ||
| 942 | _n0 | ||
| 948 | _c29/10/1998 | ||
| 999 |
_c56529 _d56529 |
||